Normale Ansicht
MARC-Ansicht
Eintrag Körperschaftsname
001 - Kontrollnummer
- Kontrollfeld: 13450
003 - Kontrollnummer Identifier
- Kontrollfeld:
005 - Datum und Zeit der letzten Transaktion
- Kontrollfeld: 20220914144056.0
008 - Datenelemente mit fester Länge
- Kontrollfeld mit fester Länge: 220914|| aca||aabn | a|a d
040 ## - Katalogisierungsquelle
- Original-Katalogisierungsstelle:
- Übertragungsstelle:
110 ## - Ansetzung - Körperschaftsname
- Körperschafts- oder Gebietskörperschaftsname als Eintragungselement: Institut Vostokovedenija Nacionalnoi Akademii Nauk Respubliki Armenija
670 ## - Datenquelle
- Quellenangabe: Work cat.: ()51790: Kazandžjan, Rem 13448, K predystorii samoopredelenija Nagornogo Karabacha :